| 000 | 00524cam a2200205ua 4500 | ||
|---|---|---|---|
| 001 | 6163 | ||
| 005 | 20260515114011.0 | ||
| 008 | 131119n ii |||gr||||Z||||||eng | ||
| 040 | _cMAIN | ||
| 082 | _a657 | ||
| 245 |
_aPractice in Accountancy _cBy Sankar Prasad Basu |
||
| 250 | _a9th ed. | ||
| 260 |
_aKolkata: _bRabindra Library, _c2003. |
||
| 300 | _axvi,1239p. | ||
| 653 | _aCommerce | ||
| 653 | _aPractice in Accountancy | ||
| 700 |
_aBasu,Sankar Prasad, _eAuthor., |
||
| 700 |
_aDas,Monilal, _eAuthor. |
||
| 942 | _cBK | ||
| 999 |
_c5310 _d5310 |
||